| 000 | 00883nas a2200301 4500 | ||
|---|---|---|---|
| 001 | BR0905250 | ||
| 003 | BR-BrBNA | ||
| 005 | 20231205113638.0 | ||
| 007 | ta | ||
| 008 | 230509b bl.|||p| |||| 00| 00por d | ||
| 040 |
_aBR-BrBNA _bpor _cBiblioteca Nacional de Agricultura |
||
| 041 | _a(En) | ||
| 072 | _aL72 | ||
| 100 | 1 | _aSoares, J.F. | |
| 100 | 1 | _aSoares, C.D.M. | |
| 100 | 1 | _aGallio, M. | |
| 100 | 1 | _aSilva, A.S. da | |
| 100 | 1 | _aMoreira, J.P. | |
| 100 | 1 | _aBarros-Battesti, D.M. | |
| 100 | 1 | _aMonteiro, S.G. | |
| 245 | 1 | _aOccurrence of Amblyomma longirostre in Ramphastos dicolorus in Southern Brazil | |
| 650 | _aAVE ORNAMENTAL | ||
| 650 | _aCARRAPATO | ||
| 650 | _aPRAGA DE ANIMAL | ||
| 773 | 0 |
_tCiência Rural (Brazil) _xISSN 0103-8478 _g(May-Jun 2009), v. 39(3) p. 930-932 _wBR0905250 |
|
| 909 |
_a202311 _bLúcia _c55 _dLúcia Elande |
||
| 942 |
_2AGRIS _n0 _cANA |
||
| 999 |
_c204863 _d204863 |
||